Radio designers hand book (Record no. 238967)
[ view plain ]
| 000 -LEADER | |
|---|---|
| fixed length control field | 00208 a2200097 4500 |
| 001 - CONTROL NUMBER | |
| control field | 3894 |
| 090 ## - LOCALLY ASSIGNED LC-TYPE CALL NUMBER (OCLC); LOCAL CALL NUMBER (RLIN) | |
| -- | 3124 |
| -- | 3124 |
| 100 ## - MAIN ENTRY--PERSONAL NAME | |
| Personal name | Langford-smith, F |
| 245 ## - TITLE STATEMENT | |
| Title | Radio designers hand book |
| 260 ## - PUBLICATION, DISTRIBUTION, ETC. | |
| Place of publication, distribution, etc. | |
| Name of publisher, distributor, etc. | Iliffe |
| Date of publication, distribution, etc. | |
| 942 ## - ADDED ENTRY ELEMENTS (KOHA) | |
| Institution code [OBSOLETE] | NUST-CAE |
| Koha item type | |
| -- | |
| Withdrawn status | Lost status | Damaged status | Not for loan | Collection code | Permanent Location | Current Location | Date acquired | Total Checkouts | Barcode | Date last seen | Price effective from | Koha item type |
|---|---|---|---|---|---|---|---|---|---|---|---|---|
| College of Aeronautical Engineering (CAE) | College of Aeronautical Engineering (CAE) | 04/03/2017 | CAE5619 | 04/05/2017 | 04/05/2017 | Book |
